Central Library OPAC University of Rajshahi

Computer graphics : (Record no. 46229)

MARC details
000 -LEADER
fixed length control field 00606nam a22002177a 4500
001 - CONTROL NUMBER
control field 46229
003 - CONTROL NUMBER IDENTIFIER
rucl marc code BD-RjUL
005 - DATE AND TIME OF LATEST TRANSACTION
control field 20211209054126.0
008 - FIXED-LENGTH DATA ELEMENTS--GENERAL INFORMATION
fixed length control field 160801s1980 enka|||| b||| 001 0 eng d
035 ## - SYSTEM CONTROL NUMBER
System control number (BD-RjUL)46347
040 ## - CATALOGING SOURCE
Original cataloging agency BD-RjUL
Language of cataloging eng
Transcribing agency BD-RjUL
041 ## - LANGUAGE CODE
Language code of text/sound track or separate title eng
082 ## - DEWEY DECIMAL CLASSIFICATION NUMBER
Edition number 23
Classification number 006.6
Author mark and year COM 1980
245 00 - TITLE STATEMENT
Title Computer graphics :
Remainder of title analysis /
Statement of responsibility, etc. Charles White editor.
260 ## - PUBLICATION, DISTRIBUTION, ETC. (IMPRINT)
Place of publication, distribution, etc. Maidenhead, Berk. :
Name of publisher, distributor, etc. Infotech Ltd.,
Date of publication, distribution, etc. 1980.
300 ## - PHYSICAL DESCRIPTION
Pagination v. :
Illustrations ill. ;
Size 29 cm.
505 1# - FORMATTED CONTENTS NOTE
Formatted contents note Vol. 1 --
650 ## - SUBJECT ADDED ENTRY--TOPICAL TERM
Topical term or geographic name as entry element Computer graphics
9 (RLIN) 117810
700 ## - ADDED ENTRY--PERSONAL NAME
Personal name White, Charles. ed.
942 ## - ADDED ENTRY ELEMENTS (KOHA)
Source of classification or shelving scheme Dewey Decimal Classification
Koha item type Books
Holdings
Lost status Source of classification or shelving scheme Damaged status Not for loan Collection code Permanent Location Current Location Shelving location Date acquired Source of acquisition Cost, normal purchase price Total Checkouts Full call number Date last seen Copy number Koha item type
  Dewey Decimal Classification   Not For Loan Non-fiction Central Library, University of Rajshahi Central Library, University of Rajshahi Reading Room 27/05/1983 Tulip 310.00   006.6 COM V-1 1980 01/08/2016 C-1 Books
  Dewey Decimal Classification     Non-fiction Central Library, University of Rajshahi Central Library, University of Rajshahi   27/05/1985 Tulip 310.00   006.6 COM V-1 1980 01/08/2016 C-2 Books